| 000 | 00467nam a2200181Ia 4500 | ||
|---|---|---|---|
| 001 | 11459 | ||
| 005 | 20260306162829.0 | ||
| 008 | 260306t1976||||xx |||||||||||||| ||spa|| | ||
| 041 | _aESP | ||
| 082 |
_a985.06 _bC265A |
||
| 100 |
_aCongrains Martín, Eduardo _eAUT |
||
| 245 | 0 |
_aPrimeros enfrentamientos: _bPisagua, San Francisco, Tarapacá |
|
| 260 | _c1976 | ||
| 300 |
_a102 páginas : _c17 cm. |
||
| 650 | _aGEN | ||
| 654 | _aCHU | ||
| 942 |
_cLIB _dJUS _fJUS _2ddc _n |
||
| 999 |
_c11459 _d11459 |
||